|
|
|
|
| LEADER |
00000nam0a2200000 4500 |
| 001 |
296614 |
| 005 |
20231102000926.0 |
| 035 |
|
|
|a (RuTPU)RU\TPU\book\321722
|
| 090 |
|
|
|a 296614
|
| 100 |
|
|
|a 20150601d1984 m y0rusy50 ca
|
| 101 |
0 |
|
|a rus
|
| 102 |
|
|
|a RU
|
| 105 |
|
|
|a a z 001zb
|
| 200 |
1 |
|
|a Андреа Верроккьо. 1435-1488
|f С. О. Андросов
|
| 210 |
|
|
|a Ленинград
|c Искусство
|d 1984
|
| 215 |
|
|
|a 184 с.
|c ил.
|
| 320 |
|
|
|a Библиогр.: с. 174-181
|
| 600 |
|
1 |
|a Верроккьо (Верроккио)
|b А.
|c итальянский скульптор, живописец, ювелир
|c настоящее имя ди Микеле Чони
|f 1435/1436-1488
|g Андреа
|2 stltpush
|3 (RuTPU)RU\TPU\pers\17183
|9 6321
|
| 606 |
1 |
|
|a Скульпторы
|2 stltpush
|3 (RuTPU)RU\TPU\subj\55078
|9 73150
|
| 610 |
1 |
|
|a искусство
|
| 610 |
1 |
|
|a монументальное искусство
|
| 610 |
1 |
|
|a Италия
|
| 610 |
1 |
|
|a итальянская скульптура
|
| 610 |
1 |
|
|a история
|
| 610 |
1 |
|
|a 15 век
|
| 675 |
|
|
|a 73.071
|v 4
|
| 700 |
|
1 |
|a Андросов
|b С. О.
|g Сергей Олегович
|
| 801 |
|
1 |
|a RU
|b 63413507
|c 20150601
|
| 801 |
|
2 |
|a RU
|b 63413507
|c 20161228
|g RCR
|
| 942 |
|
|
|c BK
|